| 000 | 00936nam a2200277Ia 4500 | ||
|---|---|---|---|
| 005 | 20220316235309.0 | ||
| 008 | 121119s1996 sp a jr 000 0 spa | ||
| 020 | _a8427249675 | ||
| 041 | 1 | _aspa | |
| 082 | 0 | 4 |
_a796.342 _bS15J |
| 100 | 1 | _aSanchez Vicario, Arantxa, | |
| 245 | 1 | 0 |
_aJóvenes tenistas _buna guía para jugar bien al tenis _cArantza Sanchez Vicario ; traducción, Ma. Angeles Cabré |
| 250 | _aPrimera edición | ||
| 264 | 1 |
_aBarcelona _bMolino _c1996 |
|
| 300 |
_a45 páginas _bilustraciones _c28 cm. |
||
| 336 |
_atexto _btxt _2rdacontent |
||
| 337 |
_asin mediación _bn _2rdamedia |
||
| 338 |
_avolumen _bnc _2rdacarrier |
||
| 490 | 0 | _aJóvenes activos | |
| 650 | 1 | 4 |
_2LEMB _aTenis _xEstrategias y técnicas |
| 650 | 1 | 4 |
_2LEMB _aTenis _xReglamentos |
| 650 | 1 | 4 |
_2LEMB _aDeportes _xEnseñanza |
| 700 | 1 |
_aCabré, María de los Ángeles _etraductor _9117426 |
|
| 942 |
_2ddc _cBK |
||
| 040 |
_aCO-BoRNBP _bspa _erda _cCO-BoRNBP |
||
| 999 |
_c529 _d529 |
||